Albuquerque Lyrics Quiz - Statistics

General Stats
  • This quiz has been taken 152 times
  • The average score is 967 of 1810
Answer Stats
Answer % Correct
a
99%
A
99%
B
99%
I
96%
L
96%
the
94%
The
94%
U
94%
when
91%
When
91%
in
90%
In
90%
was
90%
of
87%
You
87%
you
87%
an
86%
do
86%
Do
86%
back
84%
boy
84%
ha
84%
It
84%
it
84%
My
84%
my
84%
we
84%
We
84%
who
84%
Who
84%
for
83%
go
83%
just
83%
sauerkraut
83%
me
81%
and
80%
And
80%
little
80%
bit
79%
he
79%
He
79%
on
79%
Way
79%
way
79%
know
77%
to
77%
To
77%
box
76%
Living
76%
mother
76%
said
76%
Albuquerque
74%
No
74%
no
74%
place
74%
so
74%
So
74%
then
74%
under
74%
what
74%
any
73%
be
73%
bitty
73%
every
73%
Every
73%
that
73%
That
73%
up
73%
all
70%
All
70%
Bait
70%
basement
70%
bowl
70%
from
70%
Half
70%
half
70%
make
70%
Make
70%
shop
70%
stairs
70%
at
69%
At
69%
Its
69%
its
69%
Jerrys
69%
She
69%
she
69%
Where
69%
where
69%
big
67%
but
67%
But
67%
down
67%
mom
67%
with
67%
With
67%
good
66%
like
66%
Like
66%
out
66%
Dr
64%
house
64%
ol
64%
peachy
64%
Well
64%
well
64%
twenty
63%
Except
61%
Hey
61%
six
61%
your
61%
block
60%
corner
60%
not
60%
single
60%
street
60%
sweet
60%
would
60%
day
59%
fluffy
59%
morning
59%
oh
59%
Oh
59%
old
59%
train
59%
Until
59%
until
59%
wall
59%
whats
59%
years
59%
are
57%
breakfast
57%
by
57%
crazy
57%
dear
57%
driving
57%
one
57%
Aw
56%
aw
56%
everything
56%
looked
56%
Thats
56%
thats
56%
fact
54%
funnel
54%
mouth
54%
three
54%
beer
53%
fed
53%
force
53%
had
53%
Had
53%
right
53%
tied
53%
cow
51%
is
51%
looks
51%
towels
51%
air
50%
anyway
50%
Anyway
50%
life
50%
off
50%
oncoming
50%
stuck
50%
nothing
49%
shave
49%
undeniable
49%
aah
47%
course
47%
goin
47%
yeah
47%
Yeah
47%
Ah
46%
get
46%
Get
46%
going
46%
nickel
46%
swell
46%
away
44%
got
44%
leaned
44%
next
44%
seat
44%
thing
44%
tray
44%
why
44%
long
43%
some
43%
table
43%
airplane
41%
Albanian
41%
donuts
41%
prize
41%
sun
41%
very
41%
Wacka
41%
wacka
41%
won
41%
butt
40%
grand
40%
position
40%
root
40%
smells
40%
still
40%
ticket
40%
upright
40%
died
39%
full
39%
Full
39%
molecules
39%
Querque
39%
querque
39%
shining
39%
swore
39%
tell
39%
will
39%
Leonard
37%
outta
37%
radio
37%
real
37%
their
37%
this
37%
This
37%
TRUE
37%
warm
37%
women
37%
as
36%
came
36%
could
36%
dream
36%
ear
36%
far
36%
gladly
36%
plane
36%
someday
36%
Someday
36%
station
36%
travel
36%
always
34%
Because
34%
class
34%
first
34%
never
34%
play
34%
anyone
33%
before
33%
body
33%
contest
33%
kid
33%
let
33%
wasnt
33%
doodoo
31%
guess
31%
if
31%
If
31%
odor
31%
oneway
31%
see
31%
snorkel
31%
two
31%
were
31%
been
30%
face
30%
local
30%
magical
30%
number
30%
ya
30%
call
29%
Her
29%
her
29%
Im
29%
lepers
29%
again
27%
BioDome
27%
fire
27%
great
27%
hate
27%
kept
27%
time
27%
Cause
26%
crashed
26%
large
26%
love
26%
ran
26%
say
26%
Say
26%
they
26%
They
26%
throwin
26%
try
26%
weasels
26%
whole
26%
Zelda
26%
ball
24%
eat
24%
everybody
24%
Nimoys
24%
OK
24%
Ok
24%
really
24%
Shore
24%
Shriners
24%
sit
24%
ukuleles
24%
went
24%
can
23%
crawled
23%
engines
23%
hang
23%
have
23%
help
23%
Holiday
23%
Id
23%
into
23%
luck
23%
Pauly
23%
Inn
21%
please
21%
bear
20%
correctly
20%
days
20%
flight
20%
gotta
20%
hands
20%
lucky
20%
movie
20%
people
20%
Pepper
20%
Superfly
20%
there
20%
want
20%
wreckage
20%
youd
20%
apple
19%
Aww
19%
between
19%
bowling
19%
clean
19%
inflight
19%
need
19%
operator
19%
tailspin
19%
AC
17%
burned
17%
burnin
17%
chainsaw
17%
excruciatingly
17%
exploded
17%
fireball
17%
hermaphrodite
17%
hillside
17%
jelly
17%
knew
17%
mint
17%
over
17%
peanuts
17%
salted
17%
saw
17%
severe
17%
Sizzler
17%
soup
17%
theyre
17%
Theyre
17%
wanna
17%
Columbia
16%
cut
16%
dial
16%
dont
16%
Record
16%
saxophone
16%
attendants
14%
broke
14%
Club
14%
Doh
14%
fritters
14%
giant
14%
Give
14%
glazed
14%
hes
14%
Hes
14%
How
14%
knees
14%
Nathaniel
14%
put
14%
things
14%
twisted
14%
ashtrays
13%
autographed
13%
Bavarian
13%
car
13%
claws
13%
commitment
13%
door
13%
his
13%
leg
13%
man
13%
Man
13%
much
13%
now
13%
tenor
13%
about
11%
along
11%
bag
11%
check
11%
chocolate
11%
Draggin
11%
gave
11%
guy
11%
Ill
11%
kind
11%
knock
11%
leather
11%
legs
11%
married
11%
pillow
11%
sayin
11%
says
11%
suitcase
11%
take
11%
Yes
11%
answer
10%
arms
10%
ate
10%
baby
10%
children
10%
eyes
10%
famous
10%
floss
10%
glowinthedark
10%
him
10%
ready
10%
room
10%
Tryin
10%
tryin
10%
world
10%
bite
9%
cant
9%
case
9%
cinnamon
9%
em
9%
finally
9%
funny
9%
garment
9%
God
9%
hair
9%
head
9%
hold
9%
Marty
9%
night
9%
only
9%
peaches
9%
rolls
9%
sarcastic
9%
suddenly
9%
theres
9%
Theres
9%
TorsoBoy
9%
youve
9%
anything
7%
arrived
7%
being
7%
did
7%
even
7%
fat
7%
goes
7%
jugular
7%
made
7%
middle
7%
month
7%
pretty
7%
start
7%
together
7%
twelvepound
7%
Wait
7%
another
6%
bathed
6%
beautiful
6%
called
6%
cryin
6%
cute
6%
dozen
6%
girl
6%
grease
6%
here
6%
job
6%
minute
6%
nickname
6%
nostril
6%
our
6%
phone
6%
same
6%
SpectraVision
6%
starving
6%
Sweetie
6%
think
6%
through
6%
took
6%
Tough
6%
turned
6%
Whoa
6%
believe
4%
better
4%
chewed
4%
come
4%
complaining
4%
creamfilled
4%
decided
4%
dental
4%
ditty
4%
dog
4%
employee
4%
esophagus
4%
excess
4%
FlockOfSeagulls
4%
forget
4%
golf
4%
haircut
4%
happy
4%
heard
4%
join
4%
meant
4%
mind
4%
nuts
4%
piece
4%
reader
4%
reminds
4%
rest
4%
saying
4%
shared
4%
small
4%
started
4%
strained
4%
supposed
4%
thought
4%
Uh
4%
uh
4%
vein
4%
walked
4%
after
3%
appendix
3%
attitude
3%
behind
3%
Besides
3%
bleeding
3%
burrito
3%
checked
3%
color
3%
crazed
3%
dreams
3%
eyebrows
3%
familiar
3%
find
3%
flesheating
3%
gets
3%
gettin
3%
grabbed
3%
himself
3%
hook
3%
indignant
3%
inseparable
3%
jealous
3%
joke
3%
Kay
3%
knocked
3%
lookin
3%
lost
3%
lot
3%
loud
3%
open
3%
overbite
3%
pencil
3%
roundabout
3%
runnin
3%
screamin
3%
snorkels
3%
sofa
3%
something
3%
story
3%
suspected
3%
these
3%
us
3%
voice
3%
week
3%
achieved
1%
amusing
1%
anecdote
1%
around
1%
bitin
1%
bought
1%
brought
1%
bursts
1%
buy
1%
calligraphy
1%
carry
1%
colonic
1%
constipated
1%
counter
1%
drove
1%
earwax
1%
enthusiast
1%
exactly
1%
existence
1%
existential
1%
fateful
1%
grabs
1%
hasnt
1%
instant
1%
irony
1%
irrigation
1%
jump
1%
justice
1%
Kinda
1%
kinda
1%
knowing
1%
later
1%
lifelong
1%
loathing
1%
name
1%
onto
1%
ours
1%
parking
1%
parttime
1%
point
1%
pumpkin
1%
quandary
1%
remove
1%
screaming
1%
seconds
1%
short
1%
sleep
1%
slight
1%
somehow
1%
tells
1%
um
1%
universe
1%
vow
1%
wiener
1%
yellin
1%
apart
0%
comes
0%
comfort
0%
completely
0%
happen
0%
immediately
0%
indeed
0%
isolation
0%
keeps
0%
latch
0%
least
0%
lid
0%
meaningless
0%
mintflavored
0%
missing
0%
mixedup
0%
onenostrilled
0%
pain
0%
pitiful
0%
rolling
0%
selfdoubt
0%
sidewalk
0%
situation
0%
solemn
0%
Somewhere
0%
tearin
0%
wake
0%
Wavin
0%
wracked
0%
yourself
0%
No matching quizzes found
Score Distribution
Percent of People with Each Score
Percentile by Number Answered
Your Score History
You have not taken this quiz